| 000 | 00753nam a2200217Ia 4500 | ||
|---|---|---|---|
| 001 | 1855 | ||
| 003 | GE_BSU | ||
| 008 | 181216s||||||||xx |||||||||||||| ||und|| | ||
| 010 | _a5895029604 | ||
| 040 | _cGE_BSU | ||
| 080 | _a342.4(075.8) | ||
| 100 | _aМайфет,Ю.Ю;.Фролова,М,А; | ||
| 245 | _aКонституционное право Зарубужных государств (Общая часть). Учубное пособие. | ||
| 260 | _aМосква | ||
| 260 | _bМосковский психолого-социальный Ин-ут. | ||
| 260 | _c2006 | ||
| 300 | _a192 с. 20 см. | ||
| 541 | _h6 л. | ||
| 653 | _aКонституционное право Зарубужных государств | ||
| 942 | _cBK | ||
| 999 |
_c35956 _d35956 |
||